000 00732 a2200181 4500
003 Nust
005 20170207153546.0
040 _cNust
082 _a005.1
100 _aAfzal, Usman, (MSCS-13)
245 _aBackward-transliteration of roman urdu based on probabilistic model
_cUsman Afzal,
260 _bMCS,NUST
_cMarch, 2010
_aRawalpindi
300 _aviii, 61, p;
505 _aIntroduction (page-1) Background and literature review (page-6) Research methodology (page-17) Analysis of vowel & Consonant mappings (page-19) Cross-script trie model for roman urdu transliteration (page-32) Implementation and results (page-44) Conclusion (page-53)
538 _aAlmirah No 69 Shelf No 4
650 _aPG Thesis
651 _aMSCS-13
942 _cTHS
999 _c188664
_d188664